000 00397nam a22001337a 4500
003 OSt
005 20240401111821.0
008 240401b |||||||| |||| 00| 0 eng d
040 _cCentral Library MRSPTU
100 _aHarish Malhotra (ਹਰੀਸ਼ ਮਲਹੋਤਰਾ)
245 _aGori Dharti (ਗੋਰੀ ਧਰਤੀ)
260 _aBarnala
_bTarkbharti Parkashan
_c2008
942 _2ddc
_cBK
_n0
999 _c9921
_d9921